| 000 | 00940cam a2200277 c 4500 | ||
|---|---|---|---|
| 005 | 20180312144704.0 | ||
| 008 | 141202s2011 sp fr|||| 001 0 spa | ||
| 020 | _a9788424921064 | ||
| 040 |
_aCO-BoUCM _bspa _cJose A. Gerena _dJose A. Gerena |
||
| 041 | 1 |
_aspa _hfre |
|
| 060 | _aWM 203.5 | ||
| 100 | 1 |
_aMaleval, Jean-Claude _966146 |
|
| 245 | 1 | 3 |
_aEl autista y su voz _cJean-Claude Maleval ; traducción de Enric Berenguer |
| 260 |
_aMadrid (España) _bGredos _c2011 |
||
| 300 | _a303 páginas | ||
| 490 | 0 | _aMente, salud, sociedad | |
| 504 | _aIncluye referencias bibliográficas e índices | ||
| 650 | 7 |
_aAutismo _99761 |
|
| 650 | 7 |
_aPsiquiatría infantil _9128 |
|
| 650 | 7 |
_aAutismo en niños _956597 |
|
| 650 | 2 |
_aTrastorno Autístico _966147 |
|
| 690 |
_942903 _aPsiquiatría |
||
| 700 | 1 |
_aBerenguer, Enric _etraductor _966148 |
|
| 765 | 1 | _tL'autiste et sa voix | |
| 942 |
_2NLM _a15 _cLIBRO _e1 _hWM 203.5 _mM248 _n0 |
||
| 999 |
_c297321 _d297321 |
||